000 00838cab a2200265 4500
001 ABS56171
008 090401t1996 xxu||||| |||| 00| 0 eng d
035 _a(Sirsi) u21707
041 _aeng
100 _aChahal, R.
245 _aDeals signed and sealed
260 _c1996
350 _a0
490 _aEstates Gazette
_v(9647) 23 November 1996, 60-62(3)
520 _aReviews how it is the top law firms that are making the most of competition in the commercial property sector, with the volume of work generally increasing. Table of the largest UK law firms.
650 _aFOREIGN INVESTMENT
650 _aLAW FIRMS
650 _aOFFICE SPACE
650 _aSOLICITORS
650 _aSPACE REQUIREMENTS
650 _aURBAN REGENERATION
690 _aPROPERTY-COMMERCIAL PROPERTY
942 _n0
948 _c04/03/1997
999 _c14556
_d14556